[Event "Budapest Vezerkepzo GM 12"]
[Site "Budapest"]
[Date "2023.12.21"]
[Round "8"]
[White "Aveskulov, Valeriy"]
[Black "Neverov, Valeriy"]
[Result "1/2-1/2"]
[WhiteElo "2501"]
[BlackElo "2394"]
[PlyCount "45"]
[EventDate "2023.12.14"]
[EventType "tourn"]
[EventRounds "9"]
[EventCountry "HUN"]
[EventCategory "6"]
[SourceTitle "CB52_2023"]
[SourceDate "2023.12.27"]
[SourceVersion "1"]
[SourceVersionDate "2023.12.27"]
[SourceQuality "1"]

1. e4 e5 2. Nf3 Nc6 3. Bb5 a6 4. Ba4 Nf6 5. 0-0 Be7 6. Re1 b5 7. Bb3 0-0 8. c3 d5 9. exd5 Nxd5 10. Nxe5 Nxe5 11. Rxe5 c6 12. d4 Bd6 13. Re1 Qh4 14. g3 Qh3 15. Be3 Bg4 16. Qd3 Rae8 17. Qf1 Qh5 18. Nd2 Bh3 19. Qd3 Bf5 20. Qf1 Bh3 21. Qd3 Bf5 22. Qf1 Bh3 23. Qd3 1/2-1/2

[Event "Budapest FS12 GM"]
[Site "Budapest"]
[Date "2023.12.02"]
[Round "1"]
[White "Aveskulov, Valeriy"]
[Black "Vaz, Ethan"]
[Result "1-0"]
[WhiteElo "2501"]
[BlackElo "2400"]
[PlyCount "161"]
[EventDate "2023.12.02"]
[EventType "tourn"]
[EventRounds "9"]
[EventCountry "HUN"]
[EventCategory "6"]
[SourceTitle "CB51_2023"]
[SourceDate "2023.12.20"]
[SourceVersion "1"]
[SourceVersionDate "2023.12.20"]
[SourceQuality "1"]

1. e4 c5 2. Nf3 d6 3. c3 Nf6 4. Be2 g6 5. 0-0 Bg7 6. Bb5+ Nc6 7. d4 0-0 8. d5 a6 9. Bd3 Na5 10. Na3 b5 11. b4 Nb7 12. Bd2 Bg4 13. Rb1 Rc8 14. h3 Bxf3 15. Qxf3 Nd7 16. Qg3 cxb4 17. cxb4 Nb6 18. Be2 Na4 19. Rfc1 Qb6 20. Be3 Bd4 21. Bd3 Bxe3 22. Qxe3 Qxe3 23. fxe3 Rc3 24. Rxc3 Nxc3 25. Rb2 f5 26. exf5 gxf5 27. Nc2 Nxd5 28. a4 e6 29. axb5 axb5 30. Bxb5 Rb8 31. Bc4 Nc7 32. Ra2 d5 33. Bd3 Ra8 34. Rxa8+ Nxa8 35. Nd4 Kf7 36. Kf2 Kf6 37. g4 fxg4 38. hxg4 h6 39. Kg3 Nb6 40. Kh4 Nd7 41. Kh5 Ne5 42. Be2 Nf7 43. b5 Nbd8 44. b6 Ke5 45. Bb5 Kd6 46. Be2 Ke5 47. Ba6 Ke4 48. Nxe6 Nc6 49. Bb5 Na5 50. Nc5+ Kxe3 51. Nb3 Nb7 52. Bc6 Nbd8 53. Bxd5 Ne5 54. b7 Nd7 55. Kxh6 Nxb7 56. Bxb7 Ne5 57. g5 Nf7+ 58. Kh5 Nxg5 59. Kxg5 Kd3 60. Bd5 Kc3 61. Kf4 Kd3 62. Kf3 Kc2 63. Ke3 Kc3 64. Be6 Kb4 65. Kd4 Kb5 66. Bd5 Kb6 67. Nd2 Kc7 68. Ne4 Kb6 69. Nd6 Kc7 70. Kc5 Kd7 71. Nf5 Ke8 72. Kd6 Kf8 73. Ke6 Ke8 74. Bc6+ Kd8 75. Kd6 Kc8 76. Nd4 Kb8 77. Kc5 Ka7 78. Kb5 Kb8 79. Kb6 Kc8 80. Ne6 Kb8 81. Bd7 1-0

[Event "Budapest Vezerkepzo GM 11"]
[Site "Budapest"]
[Date "2023.11.24"]
[Round "9"]
[White "Aveskulov, Valeriy"]
[Black "Srikant Koduri, Advaitt"]
[Result "1-0"]
[WhiteElo "2512"]
[BlackElo "2281"]
[PlyCount "71"]
[EventDate "2023.11.16"]
[EventType "tourn"]
[EventRounds "9"]
[EventCountry "HUN"]
[EventCategory "6"]
[SourceTitle "CB48_2023"]
[SourceDate "2023.11.29"]
[SourceVersion "1"]
[SourceVersionDate "2023.11.29"]
[SourceQuality "1"]

1. e4 c5 2. Nf3 d6 3. Bc4 g6 4. c3 Bg7 5. d4 cxd4 6. cxd4 e6 7. Nc3 Ne7 8. Bb3 0-0 9. 0-0 b6 10. Re1 Ba6 11. d5 e5 12. Ba4 h6 13. b4 f5 14. Bb2 Bb7 15. exf5 gxf5 16. Bb3 Kh8 17. Rc1 a6 18. Ne2 Nd7 19. Ned4 exd4 20. Nxd4 Bxd4 21. Qxd4+ Nf6 22. Re6 Neg8 23. Qf4 Rc8 24. Rce1 Rc7 25. Rxd6 Rd7 26. Rxd7 Qxd7 27. d6 Re8 28. Rxe8 Qxe8 29. Be5 Qg6 30. f3 Kh7 31. Be6 Nd5 32. Bxd5 Bxd5 33. d7 Bxf3 34. Qxf3 Qg5 35. d8Q Qxd8 36. Qxf5# 1-0

[Event "Budapest Vezerkepzo GM 11"]
[Site "Budapest"]
[Date "2023.11.22"]
[Round "7"]
[White "Aveskulov, Valeriy"]
[Black "Royal, Shreyas"]
[Result "1/2-1/2"]
[WhiteElo "2512"]
[BlackElo "2404"]
[PlyCount "56"]
[EventDate "2023.11.16"]
[EventType "tourn"]
[EventRounds "9"]
[EventCountry "HUN"]
[EventCategory "6"]
[SourceTitle "CB48_2023"]
[SourceDate "2023.11.29"]
[SourceVersion "1"]
[SourceVersionDate "2023.11.29"]
[SourceQuality "1"]

1. e4 e5 2. Nf3 Nc6 3. Bb5 a6 4. Ba4 Nf6 5. d3 b5 6. Bb3 Bc5 7. Nc3 h6 8. Nd5 d6 9. c3 Be6 10. 0-0 Bxd5 11. exd5 Ne7 12. d4 exd4 13. Nxd4 Qd7 14. a4 0-0 15. Qd3 Rab8 16. axb5 axb5 17. Nc6 Nxc6 18. dxc6 Qxc6 19. Bxh6 Qe4 20. Qg3 Qg4 21. Qxg4 Nxg4 22. Bd2 Ne5 23. Bc2 b4 24. cxb4 Bxb4 25. Bf4 Bc5 26. Bxe5 dxe5 27. b3 Rfd8 28. Rfd1 Rxd1+ 1/2-1/2

[Event "Budapest FS11 GM"]
[Site "Budapest"]
[Date "2023.11.13"]
[Round "8"]
[White "Aveskulov, Valeriy"]
[Black "Jablonicky, Martin"]
[Result "1/2-1/2"]
[WhiteElo "2512"]
[BlackElo "2381"]
[PlyCount "113"]
[EventDate "2023.11.04"]
[EventType "tourn"]
[EventRounds "9"]
[EventCountry "HUN"]
[EventCategory "6"]
[SourceTitle "CB47_2023"]
[SourceDate "2023.11.22"]
[SourceVersion "1"]
[SourceVersionDate "2023.11.22"]
[SourceQuality "1"]

1. e4 e5 2. Nf3 Nf6 3. Nxe5 d6 4. Nf3 Nxe4 5. d3 Nf6 6. d4 d5 7. Bd3 c5 8. c3 Nc6 9. 0-0 Bg4 10. Re1+ Be7 11. dxc5 0-0 12. Be3 Ne4 13. Bc2 Nxc5 14. Nbd2 Ne6 15. Qb1 h6 16. h3 Bxf3 17. Nxf3 Bf6 18. Qd1 d4 19. Qd3 g6 20. cxd4 Nexd4 21. Nxd4 Bxd4 22. Rad1 Bxe3 23. Qxe3 Qg5 24. Qb3 Qf6 25. Be4 Nd4 26. Qxb7 Rad8 27. Bd5 Rd6 28. Re4 Ne6 29. Ree1 Rfd8 30. Bb3 Rxd1 31. Rxd1 Rxd1+ 32. Bxd1 Qd4 33. Qc8+ Kh7 34. Qc2 Nf4 35. Bf3 Qd3 36. Be4 Qd4 37. Bf3 Qd3 38. Be4 Qd4 39. a3 a5 40. h4 Nh5 41. Bf3 Qxh4 42. Bxh5 Qxh5 43. b4 axb4 44. axb4 Kg7 45. Qb2+ Kf8 46. Qd4 Ke7 47. Qa7+ Ke6 48. Qb6+ Kd7 49. Qb7+ Ke6 50. Qc6+ Ke7 51. Qe4+ Kd6 52. Qf4+ Ke6 53. Qe3+ Qe5 54. Qb6+ Qd6 55. Qe3+ Qe5 56. Qb6+ Qd6 57. Qe3+ 1/2-1/2

[Event "Budapest FS11 GM"]
[Site "Budapest"]
[Date "2023.11.08"]
[Round "5"]
[White "Vaz, Ethan"]
[Black "Aveskulov, Valeriy"]
[Result "1-0"]
[WhiteElo "2396"]
[BlackElo "2512"]
[PlyCount "103"]
[EventDate "2023.11.04"]
[EventType "tourn"]
[EventRounds "9"]
[EventCountry "HUN"]
[EventCategory "6"]
[SourceTitle "CB47_2023"]
[SourceDate "2023.11.22"]
[SourceVersion "1"]
[SourceVersionDate "2023.11.22"]
[SourceQuality "1"]

1. e4 c5 2. Nf3 Nc6 3. d4 cxd4 4. Nxd4 Qb6 5. Nb3 e6 6. a3 a6 7. Bf4 Qd8 8. Nc3 d6 9. Be2 Be7 10. Qd2 Qc7 11. Rd1 Ne5 12. 0-0 Nf6 13. a4 b6 14. Bg5 Bb7 15. Bxf6 Bxf6 16. Qxd6 Qxd6 17. Rxd6 Nc6 18. Rfd1 Be5 19. R6d2 0-0 20. Nb1 Bf4 21. Rd7 Bc8 22. R7d3 Bb7 23. Na3 Rfd8 24. Rd7 Rxd7 25. Rxd7 Bc8 26. Rd3 Kf8 27. g3 Bc7 28. f4 Bb7 29. e5 Nb4 30. Rd4 Nd5 31. Kf1 Rc8 32. Ke1 g5 33. Bd3 gxf4 34. gxf4 Ke7 35. Be4 b5 36. axb5 axb5 37. Nxb5 Bb6 38. Nd6 Rb8 39. Rd1 Ba6 40. Bxd5 exd5 41. Rxd5 Ke6 42. Rc5 Bxc5 43. Nxc5+ Kd5 44. Nxa6 Rxb2 45. Nxf7 Ke6 46. Ng5+ Kf5 47. e6 Rb7 48. Nc5 Rb8 49. Nge4 Kxf4 50. Nd6 Ke3 51. Nb3 Rg8 52. Kf1 1-0

[Event "Budapest Vezerkepzo Autumn GM"]
[Site "Budapest"]
[Date "2023.10.25"]
[Round "7"]
[White "Aveskulov, Valeriy"]
[Black "Rorrer, Grayson"]
[Result "1-0"]
[WhiteElo "2492"]
[BlackElo "2288"]
[PlyCount "73"]
[EventDate "2023.10.19"]
[EventType "tourn"]
[EventRounds "9"]
[EventCountry "HUN"]
[EventCategory "6"]
[SourceTitle "Mega2024 Update 01"]
[Source "Chessbase"]
[SourceDate "2023.11.12"]
[SourceVersion "1"]
[SourceVersionDate "2023.11.12"]
[SourceQuality "1"]

1. e4 c5 2. Nf3 d6 3. d4 cxd4 4. Nxd4 Nf6 5. Nc3 a6 6. Bg5 Nbd7 7. Qe2 h6 8. Bh4 g6 9. f4 e5 10. fxe5 dxe5 11. 0-0-0 Qc7 12. Nd5 Nxd5 13. exd5 Bd6 14. Nb3 b5 15. Nd2 Bb7 16. Ne4 f5 17. Nxd6+ Qxd6 18. g4 f4 19. Bg2 g5 20. Be1 Kf7 21. a3 Rae8 22. Bb4 Qb6 23. Bc3 a5 24. b3 Qc5 25. Bb2 Nf6 26. h4 Bxd5 27. hxg5 Bxg2 28. g6+ Kxg6 29. Qxg2 Rd8 30. Rde1 Qd5 31. Qg1 f3 32. Kb1 f2 33. Qxf2 Nxg4 34. Qh4 h5 35. Rhg1 Kf5 36. Bxe5 Rh6 37. Rxg4 1-0

[Event "Budapest Vezerkepzo Autumn GM"]
[Site "Budapest"]
[Date "2023.10.23"]
[Round "5"]
[White "Palczert, Matyas"]
[Black "Aveskulov, Valeriy"]
[Result "0-1"]
[WhiteElo "2338"]
[BlackElo "2492"]
[PlyCount "90"]
[EventDate "2023.10.19"]
[EventType "tourn"]
[EventRounds "9"]
[EventCountry "HUN"]
[EventCategory "6"]
[SourceTitle "Mega2024 Update 01"]
[Source "Chessbase"]
[SourceDate "2023.11.12"]
[SourceVersion "1"]
[SourceVersionDate "2023.11.12"]
[SourceQuality "1"]

1. e4 c5 2. Nf3 d6 3. d4 Nf6 4. Nc3 cxd4 5. Nxd4 a6 6. Bg5 e6 7. f4 h6 8. Bh4 Nbd7 9. Qe2 e5 10. fxe5 Nxe5 11. 0-0-0 Be7 12. Nf3 Qa5 13. Kb1 Be6 14. Nxe5 dxe5 15. Bxf6 Bxf6 16. Nd5 Bxd5 17. Rxd5 Qb6 18. Qg4 Qc6 19. Bd3 Ke7 20. Qe2 Rac8 21. Qd2 Rhd8 22. Qb4+ Ke8 23. c4 Be7 24. Qe1 Qb6 25. Qc3 Kf8 26. Rc1 Bc5 27. Qb3 Qc7 28. a3 Rd6 29. Qc3 Re6 30. Be2 Rce8 31. Bg4 Rf6 32. Bf3 Kg8 33. Rcd1 Bd4 34. Qa5 Qxc4 35. Qb4 Qc7 36. R5xd4 exd4 37. Qxd4 Qxh2 38. Qd7 Qe5 39. Qxb7 Rb8 40. Rd5 Rxb7 41. Rxe5 Rb3 42. Ra5 Rfb6 43. Kc1 Rxb2 44. Rxa6 Rb1+ 45. Kc2 Rxa6 0-1

[Event "Budapest Vezerkepzo Autumn GM"]
[Site "Budapest"]
[Date "2023.10.21"]
[Round "3"]
[White "Kushko, Dmitriy"]
[Black "Aveskulov, Valeriy"]
[Result "0-1"]
[WhiteElo "2426"]
[BlackElo "2492"]
[PlyCount "68"]
[EventDate "2023.10.19"]
[EventType "tourn"]
[EventRounds "9"]
[EventCountry "HUN"]
[EventCategory "6"]
[SourceTitle "Mega2024 Update 01"]
[Source "Chessbase"]
[SourceDate "2023.11.12"]
[SourceVersion "1"]
[SourceVersionDate "2023.11.12"]
[SourceQuality "1"]

1. Nf3 g6 2. e4 c5 3. c4 Bg7 4. d4 cxd4 5. Nxd4 Nc6 6. Be3 Nf6 7. Nc3 d6 8. Be2 0-0 9. 0-0 Bd7 10. h3 Nxd4 11. Bxd4 Bc6 12. Qc2 Qa5 13. a3 Nh5 14. b4 Qg5 15. Bxg7 Nxg7 16. f4 Qh4 17. Kh2 f5 18. g3 Qf6 19. Nd5 Qf7 20. e5 dxe5 21. fxe5 Rac8 22. Qb3 Rfd8 23. Rad1 Kh8 24. Qe3 b6 25. g4 Ba8 26. e6 Nxe6 27. gxf5 gxf5 28. Qe5+ Ng7 29. Nxe7 Re8 30. Rd7 Rc6 31. Bh5 Qxh5 32. Rxf5 Qxf5 33. Qd4 Qc2+ 34. Kg3 Rg6+ 0-1

[Event "Budapest FS10 GM"]
[Site "Budapest"]
[Date "2023.10.14"]
[Round "7"]
[White "Karacsonyi, Gellert"]
[Black "Aveskulov, Valeriy"]
[Result "1/2-1/2"]
[WhiteElo "2375"]
[BlackElo "2492"]
[PlyCount "39"]
[EventDate "2023.10.07"]
[EventType "tourn"]
[EventRounds "9"]
[EventCountry "HUN"]
[EventCategory "6"]
[SourceTitle "Mega2024 Update 01"]
[Source "Chessbase"]
[SourceDate "2023.11.12"]
[SourceVersion "1"]
[SourceVersionDate "2023.11.12"]
[SourceQuality "1"]

1. e4 c6 2. d4 d5 3. Nc3 dxe4 4. Nxe4 Bf5 5. Ng3 Bg6 6. Nf3 Nd7 7. h4 h6 8. h5 Bh7 9. Bd3 Bxd3 10. Qxd3 e6 11. Bf4 Qa5+ 12. Bd2 Bb4 13. c3 Be7 14. 0-0 Ngf6 15. Rfe1 0-0 16. Rad1 Bd6 17. Ne4 Be7 18. Ng3 Bd6 19. Ne4 Be7 20. Ng3 1/2-1/2

[Event "Budapest FS10 GM"]
[Site "Budapest"]
[Date "2023.10.13"]
[Round "6"]
[White "Aveskulov, Valeriy"]
[Black "Pribelszky, Bence"]
[Result "1/2-1/2"]
[WhiteElo "2492"]
[BlackElo "2399"]
[PlyCount "53"]
[EventDate "2023.10.07"]
[EventType "tourn"]
[EventRounds "9"]
[EventCountry "HUN"]
[EventCategory "6"]
[SourceTitle "Mega2024 Update 01"]
[Source "Chessbase"]
[SourceDate "2023.11.12"]
[SourceVersion "1"]
[SourceVersionDate "2023.11.12"]
[SourceQuality "1"]

1. e4 c5 2. Nf3 e6 3. d4 cxd4 4. Nxd4 Nc6 5. Nc3 Qc7 6. Be3 a6 7. Qf3 Nf6 8. 0-0-0 Ne5 9. Qg3 b5 10. Bxb5 axb5 11. Ndxb5 Qb8 12. Bf4 d6 13. Rxd6 Nh5 14. Qg5 Bxd6 15. Nxd6+ Qxd6 16. Bxe5 Ra5 17. Nd5 Qd7 18. Qxh5 exd5 19. Bxg7 Rg8 20. Qxh7 Rxg7 21. Qh8+ Ke7 22. Qxg7 Rxa2 23. Qe5+ Kf8 24. Qh8+ Ke7 25. Qe5+ Kf8 26. Qh8+ Ke7 27. Qe5+ 1/2-1/2

[Event "Budapest FS10 GM"]
[Site "Budapest"]
[Date "2023.10.11"]
[Round "5"]
[White "Dubnevych, Maksym"]
[Black "Aveskulov, Valeriy"]
[Result "0-1"]
[WhiteElo "2391"]
[BlackElo "2492"]
[PlyCount "120"]
[EventDate "2023.10.07"]
[EventType "tourn"]
[EventRounds "9"]
[EventCountry "HUN"]
[EventCategory "6"]
[SourceTitle "Mega2024 Update 01"]
[Source "Chessbase"]
[SourceDate "2023.11.12"]
[SourceVersion "1"]
[SourceVersionDate "2023.11.12"]
[SourceQuality "1"]

1. d4 Nf6 2. c4 c5 3. d5 b5 4. cxb5 a6 5. bxa6 g6 6. Nc3 d6 7. e4 Bxa6 8. Nf3 Bxf1 9. Kxf1 Qc8 10. g3 Qh3+ 11. Kg1 Bg7 12. Ng5 Qg4 13. Qb3 Qc8 14. Kg2 0-0 15. Qc2 Nbd7 16. Nf3 Ng4 17. Re1 c4 18. Be3 Nxe3+ 19. Rxe3 Qb7 20. a4 Nc5 21. Nb5 Nb3 22. Ra3 Rfc8 23. Re2 Qb6 24. Nd2 Na5 25. Qb1 Qc5 26. b4 cxb3 27. Nxb3 Qb4 28. Nd2 Qxb1 29. Nxb1 Rc4 30. N1c3 Rac8 31. Nd1 Rb4 32. f4 Nc4 33. Raa2 Ra8 34. Nbc3 Bd4 35. a5 Rxa5 36. Rxa5 Nxa5 37. Ra2 Nc4 38. Ne2 Bc5 39. Ndc3 f5 40. Kh3 Kf7 41. Kh4 Ne3 42. exf5 Nxf5+ 43. Kh3 Ne3 44. Rd2 h6 45. Nd1 Nf5 46. Rd3 g5 47. Kg4 Kg6 48. Kf3 Rb1 49. g4 Nh4+ 50. Kg3 Kg7 51. f5 Ra1 52. Nec3 Ra3 53. Nf2 Ra1 54. Nfd1 Rc1 55. Ne4 Bb6 56. Rd2 Rc4 57. Nef2 Bd4 58. Nd3 Ra4 59. Ne1 Be5+ 60. Kh3 Ra3+ 0-1

[Event "Budapest One Week GM-B"]
[Site "Budapest"]
[Date "2023.08.24"]
[Round "5"]
[White "Aveskulov, Valeriy"]
[Black "Varga, Zoltan"]
[Result "1/2-1/2"]
[WhiteElo "2470"]
[BlackElo "2363"]
[PlyCount "110"]
[EventDate "2023.08.21"]
[EventType "tourn"]
[EventRounds "9"]
[EventCountry "HUN"]
[EventCategory "6"]
[SourceTitle "CBM 215 Extra"]
[Source "ChessBase"]
[SourceDate "2023.09.30"]
[SourceVersion "1"]
[SourceVersionDate "2023.09.30"]
[SourceQuality "1"]

1. e4 Nf6 2. e5 Nd5 3. d4 d6 4. Nf3 dxe5 5. Nxe5 c6 6. Be2 Bf5 7. 0-0 Nd7 8. Nf3 e6 9. c4 N5f6 10. Nh4 Bxb1 11. Rxb1 Bd6 12. Nf3 0-0 13. b4 a5 14. c5 Be7 15. b5 Nd5 16. Qc2 cxb5 17. Bxb5 Rc8 18. Bd2 b6 19. Qa4 N7f6 20. Rfc1 Ne4 21. Be1 bxc5 22. Bxa5 Qd6 23. dxc5 Nxc5 24. Qc2 Ra8 25. Be1 Rfc8 26. a4 h6 27. Qd1 Rd8 28. Qd4 Nf4 29. Qxd6 Bxd6 30. Rc4 Nd5 31. Rd1 Bf8 32. Rcd4 g6 33. g3 Rdc8 34. a5 Nb3 35. Ra4 Nc3 36. Bxc3 Rxc3 37. a6 Nc5 38. Ra2 Rxf3 39. Bc6 Rxa6 40. Rxa6 Rxg3+ 41. hxg3 Nxa6 42. Ra1 Nb4 43. Bf3 Kg7 44. Be2 Nc6 45. Kg2 f5 46. Ra6 Nd4 47. Bc4 Kf6 48. Ba2 g5 49. Bc4 g4 50. Ba2 Be7 51. Bc4 Bb4 52. Rb6 Bc5 53. Ra6 Bb4 54. Rb6 Bc5 55. Ra6 Ke5 1/2-1/2

[Event "Budapest One Week GM-B"]
[Site "Budapest"]
[Date "2023.08.23"]
[Round "3"]
[White "Aveskulov, Valeriy"]
[Black "Vanczak, Tamas"]
[Result "1-0"]
[WhiteElo "2470"]
[BlackElo "2408"]
[PlyCount "111"]
[EventDate "2023.08.21"]
[EventType "tourn"]
[EventRounds "9"]
[EventCountry "HUN"]
[EventCategory "6"]
[SourceTitle "CBM 215 Extra"]
[Source "ChessBase"]
[SourceDate "2023.09.30"]
[SourceVersion "1"]
[SourceVersionDate "2023.09.30"]
[SourceQuality "1"]

1. e4 c5 2. Nf3 e6 3. d3 Nc6 4. g3 d5 5. Qe2 Nf6 6. Bg2 Be7 7. 0-0 b6 8. Re1 Bb7 9. h4 h6 10. c3 0-0 11. e5 Nd7 12. c4 dxc4 13. dxc4 Qc7 14. Nc3 a6 15. Bf4 Nd4 16. Nxd4 cxd4 17. Bxb7 Qxb7 18. Ne4 Nc5 19. Rad1 Rad8 20. Qg4 h5 21. Nxc5 bxc5 22. Qe2 d3 23. Rxd3 Rxd3 24. Qxd3 Qxb2 25. Qd7 Bd8 26. Qa4 Qc3 27. Rd1 Bc7 28. Qxa6 Bxe5 29. Bxe5 Qxe5 30. Qb6 Qe2 31. Qb3 Qe5 32. Rb1 Rd8 33. a4 Qe2 34. a5 Rd2 35. Qb8+ Kh7 36. Qf4 f6 37. Ra1 Rd3 38. Qc1 g5 39. Qf1 Qe4 40. hxg5 fxg5 41. a6 Rd8 42. a7 Kg6 43. Qg2 Qxg2+ 44. Kxg2 Ra8 45. Ra5 e5 46. Kf3 Kf5 47. g4+ hxg4+ 48. Ke3 Ke6 49. Ke4 Kd6 50. Ra1 Kc6 51. Kxe5 Kb7 52. Kd6 Rd8+ 53. Ke7 Ra8 54. Kd7 Kb6 55. Rb1+ Ka6 56. Kc7 1-0

[Event "Budapest One Week GM-B"]
[Site "Budapest"]
[Date "2023.08.22"]
[Round "2"]
[White "Citak, Selim"]
[Black "Aveskulov, Valeriy"]
[Result "1-0"]
[WhiteElo "2319"]
[BlackElo "2470"]
[PlyCount "77"]
[EventDate "2023.08.21"]
[EventType "tourn"]
[EventRounds "9"]
[EventCountry "HUN"]
[EventCategory "6"]
[SourceTitle "CBM 215 Extra"]
[Source "ChessBase"]
[SourceDate "2023.09.30"]
[SourceVersion "1"]
[SourceVersionDate "2023.09.30"]
[SourceQuality "1"]

1. d4 Nf6 2. c4 e6 3. Nf3 Bb4+ 4. Nbd2 b6 5. a3 Bxd2+ 6. Qxd2 Bb7 7. e3 d5 8. b3 0-0 9. Be2 c5 10. 0-0 dxc4 11. bxc4 cxd4 12. exd4 Nc6 13. Bb2 Na5 14. Qe3 b5 15. cxb5 Nd5 16. Qe5 Nb3 17. Rad1 Qe7 18. Bc4 Na5 19. Bd3 f6 20. Qe1 Qc7 21. Qxe6+ Qf7 22. Qxf7+ Kxf7 23. Rfe1 a6 24. a4 axb5 25. axb5 Nb4 26. Bf5 Rfd8 27. Be6+ Kg6 28. Nh4+ Kh5 29. Nf5 Bd5 30. h3 Nc4 31. Bc3 Na2 32. g4+ Kg5 33. f4+ Kxf4 34. Rf1+ Ke4 35. Ng3+ Ke3 36. Bf5 Bf3 37. Rd3+ Kf4 38. Rdxf3+ Kg5 39. Be4 1-0

[Event "Budapest FS08 GM"]
[Site "Budapest"]
[Date "2023.08.15"]
[Round "9"]
[White "Aveskulov, Valeriy"]
[Black "Arhan, Chethan Anand"]
[Result "1/2-1/2"]
[WhiteElo "2470"]
[BlackElo "2341"]
[PlyCount "131"]
[EventDate "2023.08.05"]
[EventType "tourn"]
[EventRounds "9"]
[EventCountry "HUN"]
[EventCategory "7"]
[SourceTitle "CBM 215 Extra"]
[Source "ChessBase"]
[SourceDate "2023.09.30"]
[SourceVersion "1"]
[SourceVersionDate "2023.09.30"]
[SourceQuality "1"]

1. e4 c5 2. Nf3 d6 3. d4 cxd4 4. Nxd4 Nf6 5. Nc3 Nc6 6. Bg5 e6 7. Qd2 a6 8. 0-0-0 Bd7 9. f4 Be7 10. Nf3 b5 11. Bxf6 gxf6 12. Bd3 Nb4 13. Be2 Rc8 14. Nd4 Qa5 15. Kb1 Rxc3 16. Qxc3 Qxa2+ 17. Kc1 d5 18. Qa3 dxe4 19. Qxa2 Nxa2+ 20. Kb1 Nb4 21. f5 h5 22. Rhf1 e5 23. Nb3 Bc6 24. c3 Nd5 25. Rfe1 Rg8 26. g3 h4 27. Nd2 hxg3 28. hxg3 Kf8 29. Bf1 e3 30. Ne4 Rg4 31. Bd3 Rxe4 32. Bxe4 Nxc3+ 33. bxc3 Bxe4+ 34. Kb2 Bc5 35. Ra1 Bd3 36. Rxa6 e2 37. Raa1 Bf2 38. Rh1 Bxf5 39. Rae1 Bxe1 40. Rxe1 Bd3 41. Kc1 f5 42. Kd2 Bc4 43. Ke3 Kg7 44. Kf3 Kg6 45. Ke3 Kg5 46. Kf3 e4+ 47. Ke3 Kg4 48. Rg1 Bd3 49. Kf2 f4 50. gxf4+ Kxf4 51. Rg8 Bc4 52. Rh8 e1Q+ 53. Kxe1 e3 54. Re8 f5 55. Re7 Kf3 56. Re5 f4 57. Re7 Kg3 58. Rg7+ Kh4 59. Rh7+ Kg4 60. Rg7+ Kf3 61. Re7 e2 62. Re5 Bd3 63. Re7 Bc4 64. Re5 Kg3 65. Rg5+ Kf3 66. Re5 1/2-1/2

[Event "Budapest FS08 GM"]
[Site "Budapest"]
[Date "2023.08.14"]
[Round "8"]
[White "Amilal, Munkhdalai"]
[Black "Aveskulov, Valeriy"]
[Result "1/2-1/2"]
[WhiteElo "2437"]
[BlackElo "2470"]
[PlyCount "120"]
[EventDate "2023.08.05"]
[EventType "tourn"]
[EventRounds "9"]
[EventCountry "HUN"]
[EventCategory "7"]
[SourceTitle "CBM 215 Extra"]
[Source "ChessBase"]
[SourceDate "2023.09.30"]
[SourceVersion "1"]
[SourceVersionDate "2023.09.30"]
[SourceQuality "1"]

1. e4 e5 2. Nf3 Nc6 3. Bb5 a6 4. Ba4 Nf6 5. d3 d6 6. c3 g6 7. 0-0 Bg7 8. Re1 0-0 9. Nbd2 b5 10. Bc2 Re8 11. Nf1 a5 12. a4 b4 13. Bg5 h6 14. Bxf6 Qxf6 15. Ne3 Rb8 16. Bb3 Be6 17. Nd2 Qd8 18. Qc2 Qd7 19. Bc4 Ne7 20. Nb3 Ra8 21. Rec1 Rec8 22. Bxe6 fxe6 23. Nc4 bxc3 24. Qxc3 Rcb8 25. Ncxa5 c5 26. Nd2 Rb4 27. Nac4 Ra6 28. b3 Nc6 29. Nf3 h5 30. Rcb1 Bh6 31. h4 Qd8 32. g3 Ra7 33. Qc2 Rf7 34. Qe2 Rb8 35. Kg2 Qc7 36. Rf1 Rbf8 37. Ng1 Nd4 38. Qd1 d5 39. Na3 Qb7 40. Nb5 Nxb5 41. axb5 Qxb5 42. Qc2 dxe4 43. dxe4 Be3 44. Nh3 Bd4 45. Rab1 Rf3 46. Qc4 Qxc4 47. bxc4 Rc3 48. Rfc1 Rxc1 49. Rxc1 Ra8 50. Rc2 Kf7 51. Ng5+ Kf6 52. Kf1 Ra1+ 53. Ke2 Ke7 54. Kf3 Kd6 55. Kg2 Kd7 56. Kf3 Ra3+ 57. Ke2 Bc3 58. Kf1 Ra1+ 59. Kg2 Bd4 60. Nf3 Kd6 1/2-1/2

[Event "Budapest FS08 GM"]
[Site "Budapest"]
[Date "2023.08.09"]
[Round "5"]
[White "Aveskulov, Valeriy"]
[Black "Setyaki, Azarya Jodi"]
[Result "1/2-1/2"]
[WhiteElo "2470"]
[BlackElo "2401"]
[PlyCount "71"]
[EventDate "2023.08.05"]
[EventType "tourn"]
[EventRounds "9"]
[EventCountry "HUN"]
[EventCategory "7"]
[SourceTitle "CBM 215 Extra"]
[Source "ChessBase"]
[SourceDate "2023.09.30"]
[SourceVersion "1"]
[SourceVersionDate "2023.09.30"]
[SourceQuality "1"]

1. e4 e5 2. Nf3 Nc6 3. Bb5 a6 4. Ba4 Nf6 5. 0-0 Be7 6. d3 b5 7. Bb3 d6 8. Bd2 Rb8 9. h3 0-0 10. a3 Be6 11. Bc3 Bxb3 12. cxb3 Re8 13. Nbd2 a5 14. d4 exd4 15. Bxd4 Nxd4 16. Nxd4 Qd7 17. a4 bxa4 18. Rxa4 Bf8 19. Qf3 Re5 20. Nc2 d5 21. exd5 Qxd5 22. Nd4 Qxf3 23. N2xf3 Rd5 24. Rc1 c5 25. Nc2 Rxb3 26. Ne3 Rd8 27. Nc4 Nd5 28. Rd1 Rbb8 29. Rxa5 Nb4 30. Raa1 g6 31. Nfe5 Bg7 32. Nd7 Rbc8 33. Ncb6 Rc6 34. Nxc5 Rxd1+ 35. Rxd1 Bxb2 36. Nd5 1/2-1/2